000 00906nam a22002297a 4500
999 _c8159
_d8159
003 AR-CdUCM
008 190322b ||||| |||| 00| 0 spa d
020 _a980-6194-28-4
040 _aMUNICIPALIDAD PROVINCIAL DEL CUSCO
_cBIBLIOTECA MUNICIPAL DEL CUSCO
082 _a658.26 /
_bC77
100 _aCorrales, María Elena
_923023
245 _aEl reto del agua /
260 _aCaracas :
_bGalac,
_c1998.
300 _a329 páginas ;
_c21 cm.
505 _aLa nueva constitucionalidad de los servicios -- Públicos por redes -- Arreglos institucionales para la provisión de los servicios de agua potable y saneamiento -- Las funciones del estado: la regulación de los servicios de agua potable y saneamiento ...
650 _aAgua potable
_911845
650 _aSaneamiento
_920643
650 _aAgua
_919441
710 _aCorporación andina de fomento
_923024
942 _2ddc
_cLIBROS
945 _aacv